Регионална библиотека "Любен Каравелов" - Русе

Когнитивна топология и управленско поведение (Запис номер 138129)

MARC детайли
000 -Лидер
Контролно поле с фиксирана дължина 02118nam a2200421 c 4500
003 - Код на организацията, давaща контролен номер
Контролно поле BLK
005 - Дата и час на последна редакция
Контролно поле 20231218150645.0
008 - Елементи от данни с фиксирана дължина
fixed length control field 180409b bul|||||r ||||||| ||bul||
010 ## - Наследен системен номер
LC control number KNG00144110000
040 ## - Източник на каталожния запис
Идентификатор на билиотеката - собственик на записа BLK
041 ## - Код за език
Код за езика на текст/звукозапис или на отделно заглавие Български
Код за езика КДБФ Български
072 #7 - Код за тематичната категория
Код организация bullib
Код за тематична категория Н6201
Текст Мениджмънт Н
080 ## - УДК
Текстов определител УДК Методи на управление. Мениджмънт. Анализи, планиране, ръководство, сътрудничество, контрол, коопериране и др.
УДК код - определител по УДК 005.5
УДК определител
УДК - код + определител 005.5
080 ## - УДК
Текстов определител УДК Икономическа психология. Икономическо поведение. Физиологични и психологични елементи. Интереси. Икономически дух
УДК код - определител по УДК 330.16
УДК определител
УДК - код + определител 330.16
080 ## - УДК
Текстов определител УДК Етика на бизнеса. Успех
УДК код - определител по УДК 174.4
УДК определител
УДК - код + определител 174.4
100 1# - Редна дума - Автор
Автор Хаджиев, Виктор Ст.
Авторска отговорност първи автор
R(LIN) 326164
139 ## - Редно поле
Редна дума Хаджиев, Виктор Ст.
Авторски знак Хаджи - Х 15
245 10 - Сведения за заглавието
Заглавие Когнитивна топология и управленско поведение
Редно поле (дума) Виктор Ст. Хаджиев.
257 ## - Страна на издаване
Страна на създаване/издаване България
260 ## - Област на издателските данни
-- Свищов
Име на издателя, разпространителя и проч. Стоп. акад. Д. А. Ценов
Година на издаване 2012
300 ## - Физическа характеристика
Страници 212 с.
Илюстрации и др. с табл., сх.
Размери/Мащаб 24 см
380 ## - Жанр
Жанр Обществени науки
490 1# - СЕРИИ (Колекции)
Име на серия Библиотека Стопански свят
№: серия бр. 117
500 ## - Общи забележки
Забележка Загл. на англ. ез. Cognitive Topology and Managerial Behaviour / Victor St. Hadzhiev. - Рез. на бълг., англ. ез. - Библиогр. с. 205-208.
650 #4 - Допълнително описание по предмет – тема
Основно описание – тема или топоним Управленски труд
9 (RLIN) 244358
650 #4 - Допълнително описание по предмет – тема
Основно описание – тема или топоним Икономическо поведение
9 (RLIN) 245306
650 #4 - Допълнително описание по предмет – тема
Основно описание – тема или топоним Стопанска етика
9 (RLIN) 261791
653 ## - Ключова дума – ненормативна
Ключова дума управленски труд
653 ## - Ключова дума – ненормативна
Ключова дума икономическо поведение
653 ## - Ключова дума – ненормативна
Ключова дума стопанска етика
659 ## - Тематичен бюлетин
Тематичен бюлетин Н
852 ## - Местоположение
Форматна сигнатура Цб 259989
856 4# - Електронен адрес и достъп
Електронен формат pdf - файл
Път до файла /url/
856 4# - Електронен адрес и достъп
Електронен формат pdf - файл
Път до файла /url/
942 ## - АРТИКУЛИ
Вид на библиотечния материал Книги
Скрит в OPAC Не
Koha issues (borrowed), all copies 4
944 ## - СЪЗДАВАНЕ И РЕДАКЦИЯ на ЗАПИСА
Създаване/Редакция Създаване
Дата на регистрацията/редакция 18.06.2013
Статус, дата на статуса Мартин Енчев
Служител, извършил регистрацията/редакцията 30575
944 ## - СЪЗДАВАНЕ И РЕДАКЦИЯ на ЗАПИСА
Създаване/Редакция Редакция
Дата на регистрацията/редакция 17.09.2014
Статус, дата на статуса ф /
Служител, извършил регистрацията/редакцията
999 ## - СИСТЕМНИ КОНТРОЛНИ НОМЕРА
Koha biblionumber 138129
Koha biblioitemnumber 138129
Наличности
Код за отписване Код за изгубен артикул Източник на класификационната схема Код за повреда Коз за рестрикции Код за отдаване Артикулен № Име на библиотеката - собственик Име на библиотеката, в която се намира в момента Статус (Текущо местоположение) Дата на вписване в системата Местоположение - отдел Цена в лева Инвентарен номер Систематично азбучна сигнатура Баркод Номер на екземпляра Цена в евро Служебна бележка Служебен тип на артикула
  Не е изгубен Universal Decimal Classification Не е повреден без рестрикции заемане за дома 225832 Регионална библиотека "Любен Каравелов" Русе Регионална библиотека "Любен Каравелов" Русе Заемна - подръчен фонд 2013-07-10 Заемна - подръчен фонд 15.00 120000767952 005.5/Х 15 120000767952 1 7.67 Дост: DA Вид: А N: 15 Дата: 10.07.2013 Дата инв: 06.02.2018 Бележки инв: П2018 Книги
  Не е изгубен   Не е повреден без рестрикции ползва се в читалня 225833 Регионална библиотека "Любен Каравелов" Русе Регионална библиотека "Любен Каравелов" Русе Хранилище 2014-02-20 Хранилище 15.00 120000774814 Цб 259989 120000774814 2 7.67 Дост: Dp Вид: Д N: 7 Дата: 20.02.2013 Книги
Vip Innovations Ltd, Rousse, Bulgaria 2025